000 00376nam a2200145Ia 4500
005 20250729165751.0
008 250729s2015 xx 000 0 und d
041 _aeng
082 _a530 KARV
100 _aKarnataka Government
_9232501
245 _aScience - 9th Std
260 _aBangalore
_bKarnataka Text Book Socity
_c2015
300 _a378p
650 _aScience
_9232502
999 _c239814
_d239814